Najmłodsi zwycięzcy turnieju masters 1000 - Statystyki

Ogólne statystyki
  • Ten quiz został rozwiązany 8 razy
  • Średni wynik to 5 z 10
Statystyki odpowiedzi
miejsce nazwisko wiek turniej % Poprawnych
2 Rafael Nadal 18 lat, 318 dni Monte Carlo Masters 2005
86%
3 Carlos Alcaraz 18 lat, 333 dni Miami Open 2022
71%
7 Novak Djokovic 19 lat, 314 dni Miami Open 2007
71%
9 Alexander Zverev 20 lat, 31 dni Italian Open 2017
57%
8 Andre Agassi 19 lat, 330 dni Miami Open 1990
57%
6 Andrij Medvedev 19 lat, 236 dni Monte Carlo Masters 1994
43%
4 Holger Rune 19 lat, 181 dni Paris Masters 2022
43%
5 Jakub Mensik 19 lat, 210 dni Miami Open 2025
29%
1 Michael Chang 18 lat, 157 dni Canadian Open 1990
29%
10 Tomas Berdych 20 lat, 50 dni Paris Masters 2005
29%
Nie znaleziono quizów pasujących do podanych kryteriów
Rozkład punktacji
Procent ludzi z każdym wynikiem
Percentyl według liczby udzielonych odpowiedzi
Twoja historia wyników
Nie rozwiązałeś tego quizu